[Event "Gibtelecom AmatWk1 8th"]
[Site "Gibraltar"]
[Date "2010.01.26"]
[Round "1.1"]
[White "Haddock, Paul"]
[Black "Albrecht, Franz"]
[Result "1/2-1/2"]
[WhiteElo "1793"]
[BlackElo "1546"]
[PlyCount "47"]
[EventDate "2010.01.26"]
[EventType "swiss"]
[EventRounds "5"]
[EventCountry "GGB"]
[SourceTitle "BritBase"]
[Source "www.saund.co.uk"]
[SourceDate "2018.02.10"]
[SourceVersion "1"]
[SourceVersionDate "2018.02.10"]
[SourceQuality "1"]

1. e4 e5 2. Nf3 Nf6 3. Nxe5 d6 4. Nf3 Nxe4 5. d3 Nf6 6. Bg5 Be7 7. Nc3 O-O 8.
Qd2 c6 9. Be2 Be6 10. h3 d5 11. Nd4 Bc5 12. Nxe6 fxe6 13. d4 Be7 14. Bd3 Nbd7
15. Qe3 c5 16. Qxe6+ Kh8 17. O-O cxd4 18. Nb5 Nc5 19. Qe2 Nxd3 20. Qxd3 Qd7 21.
Nxd4 Ne4 22. Bxe7 Qxe7 23. Rae1 Qf7 24. Nf3 1/2-1/2

[Event "Gibtelecom AmatWk1 8th"]
[Site "Gibraltar"]
[Date "2010.01.26"]
[Round "1.2"]
[White "Candano Gonzalez, Alvaro"]
[Black "Rujan, Rodel-Marinel"]
[Result "0-1"]
[WhiteElo "1540"]
[BlackElo "1780"]
[PlyCount "80"]
[EventDate "2010.01.26"]
[EventType "swiss"]
[EventRounds "5"]
[EventCountry "GGB"]
[SourceTitle "BritBase"]
[Source "www.saund.co.uk"]
[SourceDate "2018.02.10"]
[SourceVersion "1"]
[SourceVersionDate "2018.02.10"]
[SourceQuality "1"]

1. c4 Nf6 2. g3 d6 3. Bg2 e5 4. d3 Be7 5. Nc3 c6 6. Nf3 O-O 7. O-O Re8 8. Rb1
a5 9. a3 Bf8 10. Bg5 Nbd7 11. b4 axb4 12. axb4 h6 13. Bxf6 Nxf6 14. Nd2 d5 15.
e3 Bf5 16. e4 Bg4 17. f3 dxc4 18. Nxc4 Qd4+ 19. Kh1 Qxc3 20. fxg4 Bxb4 21. Rb3
Ra1 22. Qxa1 Qxb3 23. Nxe5 Bc3 24. Rb1 Bxa1 25. Rxb3 Bxe5 26. Rxb7 Nxg4 27. Bf1
Rb8 28. Rxb8+ Bxb8 29. Be2 Ne3 30. Kg1 Ba7 31. Kf2 Ng4+ 32. Kg2 Ne5 33. h3 Kf8
34. g4 Ke7 35. Kg3 g5 36. Kg2 Kd6 37. Kf1 Be3 38. Ke1 Kc5 39. Kd1 Kd4 40. Kc2
Ng6 0-1

[Event "Gibtelecom AmatWk1 8th"]
[Site "Gibraltar"]
[Date "2010.01.26"]
[Round "1.3"]
[White "Kuenitz, Klaus"]
[Black "Carlsen, Ingrid Oen"]
[Result "1/2-1/2"]
[WhiteElo "1755"]
[BlackElo "1508"]
[PlyCount "90"]
[EventDate "2010.01.26"]
[EventType "swiss"]
[EventRounds "5"]
[EventCountry "GGB"]
[SourceTitle "BritBase"]
[Source "www.saund.co.uk"]
[SourceDate "2018.02.10"]
[SourceVersion "1"]
[SourceVersionDate "2018.02.10"]
[SourceQuality "1"]

1. d4 Nf6 2. c4 g6 3. Nf3 Bg7 4. Bf4 O-O 5. e3 d6 6. Nc3 Nbd7 7. Be2 c5 8. d5
Nh5 9. Bg5 h6 10. Bh4 a6 11. O-O Nhf6 12. h3 Kh7 13. Qc2 Nb6 14. a4 a5 15. Bg3
Bf5 16. e4 Bc8 17. Rad1 Nfd7 18. Bd3 Ne5 19. Nxe5 dxe5 20. Nb5 Bd7 21. f4 Bxb5
22. axb5 Nd7 23. Rf3 exf4 24. Bxf4 Ne5 25. Rff1 b6 26. Kh1 Qd7 27. Qf2 Rad8 28.
b3 h5 29. Bc2 Qd6 30. g4 hxg4 31. Qh4+ Kg8 32. hxg4 f6 33. g5 Kf7 34. Kg2 Rh8
35. Qg3 Kg8 36. Rh1 Rxh1 37. Rxh1 Kf7 38. Rf1 Kg8 39. gxf6 exf6 40. Bxe5 fxe5
41. Bd1 Rf8 42. Rxf8+ Kxf8 43. Bg4 Qf6 44. Bd7 Bh6 45. Bc6 Qg5 1/2-1/2

[Event "Gibtelecom AmatWk1 8th"]
[Site "Gibraltar"]
[Date "2010.01.26"]
[Round "1.4"]
[White "Bath, Tom"]
[Black "Agdestein, Sjur"]
[Result "0-1"]
[WhiteElo "1424"]
[BlackElo "1729"]
[PlyCount "46"]
[EventDate "2010.01.26"]
[EventType "swiss"]
[EventRounds "5"]
[EventCountry "GGB"]
[SourceTitle "BritBase"]
[Source "www.saund.co.uk"]
[SourceDate "2018.02.10"]
[SourceVersion "1"]
[SourceVersionDate "2018.02.10"]
[SourceQuality "1"]

1. e4 c5 2. f4 Nc6 3. Nf3 e6 4. Nc3 Nge7 5. a3 d5 6. e5 a6 7. Be2 b5 8. O-O Bb7
9. d3 Nf5 10. Ng5 h6 11. Nxf7 Kxf7 12. g4 Nfd4 13. f5 Nxe5 14. fxe6+ Kxe6 15.
Bf4 g5 16. Bg3 Bg7 17. Qd2 Rf8 18. Rae1 Kd7 19. Bd1 Nef3+ 20. Bxf3 Nxf3+ 21.
Rxf3 Rxf3 22. Ne4 Bd4+ 23. Kh1 dxe4 {... at least, I THINK that was what
happened. Both scoresheets were full of scoring errors. JS.} 0-1

[Event "Gibtelecom AmatWk1 8th"]
[Site "Gibraltar"]
[Date "2010.01.26"]
[Round "1.5"]
[White "Homer, Neil S"]
[Black "Agdestein, Fredrik"]
[Result "1-0"]
[WhiteElo "1704"]
[BlackElo "1306"]
[PlyCount "73"]
[EventDate "2010.01.26"]
[EventType "swiss"]
[EventRounds "5"]
[EventCountry "GGB"]
[SourceTitle "BritBase"]
[Source "www.saund.co.uk"]
[SourceDate "2018.02.10"]
[SourceVersion "1"]
[SourceVersionDate "2018.02.10"]
[SourceQuality "1"]

1. Nf3 Nc6 2. d4 d5 3. c4 e6 4. Nc3 Nf6 5. Bg5 Bb4 6. e3 h6 7. Bxf6 Qxf6 8. Bd3
O-O 9. O-O Ne7 10. a3 Bxc3 11. bxc3 Ng6 12. c5 Nh4 13. Nxh4 Qxh4 14. f4 f5 15.
Qe1 Qxe1 16. Rfxe1 b6 17. c6 Rd8 18. Bb5 a6 19. Be2 Rd6 20. c4 dxc4 21. Bxc4
Rxc6 22. Be2 Rc3 23. Bf3 Ra7 24. Kf2 a5 25. Rec1 Rb3 26. Rcb1 Rc3 27. Rc1 Rb3
28. Rcb1 Rxb1 29. Rxb1 Bb7 30. Bxb7 Rxb7 31. Rc1 Kf7 32. Kg3 b5 33. Kf3 Ke7 34.
e4 Kd6 35. e5+ Kd5 36. Ke3 b4 37. Rc5# 1-0

[Event "Gibtelecom AmatWk1 8th"]
[Site "Gibraltar"]
[Date "2010.01.26"]
[Round "1.6"]
[White "Berggren, Klas"]
[Black "Hegelund, Ole Jakob"]
[Result "0-1"]
[WhiteElo "1364"]
[BlackElo "1702"]
[PlyCount "78"]
[EventDate "2010.01.26"]
[EventType "swiss"]
[EventRounds "5"]
[EventCountry "GGB"]
[SourceTitle "BritBase"]
[Source "www.saund.co.uk"]
[SourceDate "2018.02.10"]
[SourceVersion "1"]
[SourceVersionDate "2018.02.10"]
[SourceQuality "1"]

1. d4 Nf6 2. Bf4 g6 3. e3 Bg7 4. Nf3 d6 5. Be2 O-O 6. O-O c5 7. c3 Nc6 8. Nbd2
Nh5 9. Bg5 f6 10. Bh4 g5 11. Bg3 Nxg3 12. fxg3 Qc7 13. Bc4+ Kh8 14. Qc2 a6 15.
Rac1 b5 16. Be2 c4 17. e4 Bd7 18. Rf2 Be8 19. d5 Ne5 20. Nd4 Bd7 21. Nf5 Qd8
22. Nxg7 Kxg7 23. Nf3 Ng4 24. Rcf1 h6 25. Nd4 Nxf2 26. Rxf2 Rc8 27. Bh5 Qb6 28.
e5 f5 29. e6 Be8 30. Bxe8 Rcxe8 31. Nxf5+ Kh8 32. Nxh6 Rxf2 33. Qxf2 Qxf2+ 34.
Kxf2 Kg7 35. Nf5+ Kg6 36. Nd4 Rf8+ 37. Ke2 Kf6 38. Kf3 Ke5+ 39. Kg4 Kxd5 0-1

[Event "Gibtelecom AmatWk1 8th"]
[Site "Gibraltar"]
[Date "2010.01.26"]
[Round "1.7"]
[White "Coats, Jon R"]
[Black "Jacobsen, Caroline Beer"]
[Result "1-0"]
[WhiteElo "1696"]
[BlackElo "1300"]
[PlyCount "103"]
[EventDate "2010.01.26"]
[EventType "swiss"]
[EventRounds "5"]
[EventCountry "GGB"]
[SourceTitle "BritBase"]
[Source "www.saund.co.uk"]
[SourceDate "2018.02.10"]
[SourceVersion "1"]
[SourceVersionDate "2018.02.10"]
[SourceQuality "1"]

1. Nf3 d5 2. c4 dxc4 3. Qa4+ Nc6 4. Qxc4 Nf6 5. g3 Bf5 6. Bg2 e6 7. a3 Qd5 8.
Qxd5 Nxd5 9. d3 Bg6 10. Nc3 Rd8 11. Nxd5 exd5 12. b4 Bd6 13. Bb2 O-O 14. O-O
Rfe8 15. Rfe1 Ne5 16. Nh4 c6 17. Nxg6 fxg6 18. f4 Ng4 19. e4 dxe4 20. dxe4 Bc7
21. h3 Bb6+ 22. Kh1 Nf2+ 23. Kh2 Rd2 24. Bc3 Rc2 25. Rac1 Rxc1 26. Rxc1 Nxe4
27. Re1 Nd6 28. Rxe8+ Nxe8 29. Bf1 Nf6 30. Bc4+ Kf8 31. Be6 Ne4 32. Be1 Bd4 33.
Bc8 Nd6 34. Be6 b6 35. Kg2 Nb5 36. Bd7 Nxa3 37. Bxc6 Ke7 38. Kf3 Kd6 39. Bb7
Nb5 40. Ba6 Kc6 41. Ke4 Bc3 42. Bxb5+ Kxb5 43. Bxc3 a6 44. Ke5 a5 45. bxa5 bxa5
46. Ke6 a4 47. Bxg7 Kc4 48. g4 Kd3 49. f5 gxf5 50. gxf5 Kc2 51. f6 a3 52. f7
1-0

[Event "Gibtelecom AmatWk1 8th"]
[Site "Gibraltar"]
[Date "2010.01.26"]
[Round "1.8"]
[White "Apps, Ian"]
[Black "Garcia, Mario"]
[Result "0-1"]
[WhiteElo "1224"]
[BlackElo "1663"]
[PlyCount "68"]
[EventDate "2010.01.26"]
[EventType "swiss"]
[EventRounds "5"]
[EventCountry "GGB"]
[SourceTitle "BritBase"]
[Source "www.saund.co.uk"]
[SourceDate "2018.02.10"]
[SourceVersion "1"]
[SourceVersionDate "2018.02.10"]
[SourceQuality "1"]

1. d4 d5 2. c4 e6 3. Nf3 Nf6 4. Nc3 Nbd7 5. Bg5 Be7 6. cxd5 exd5 7. Bxf6 Nxf6
8. g3 c6 9. Bg2 O-O 10. O-O Bf5 11. Nh4 Be6 12. Qc2 Qd7 13. e4 dxe4 14. Nxe4
Nxe4 15. Qxe4 Bd5 16. Bh3 Bxe4 17. Bxd7 Bxh4 18. gxh4 Rad8 19. Rfe1 Bf3 20. Re7
g6 21. h3 Bd5 22. f4 f5 23. Kf2 Rf7 24. Rae1 Rxd7 25. Rxd7 Rxd7 26. a3 Be4 27.
Ke3 Re7 28. Kd2 Kf7 29. Kc3 Bg2 30. Rxe7+ Kxe7 31. b4 Kd6 32. a4 Bf1 33. Kd2
Kd5 34. Kc3 a6 0-1

[Event "Gibtelecom AmatWk1 8th"]
[Site "Gibraltar"]
[Date "2010.01.26"]
[Round "1.9"]
[White "Poggio, Freddie"]
[Black "Agdestein, Victoria"]
[Result "0-1"]
[WhiteElo "1640"]
[BlackElo "1000"]
[PlyCount "40"]
[EventDate "2010.01.26"]
[EventType "swiss"]
[EventRounds "5"]
[EventCountry "GGB"]
[SourceTitle "BritBase"]
[Source "www.saund.co.uk"]
[SourceDate "2018.02.10"]
[SourceVersion "1"]
[SourceVersionDate "2018.02.10"]
[SourceQuality "1"]

1. d4 Nf6 2. c4 g6 3. Nc3 Bg7 4. e4 d6 5. Nf3 O-O 6. Be2 e5 7. O-O Nc6 8. d5
Ne7 9. b4 Nd7 10. Rb1 f5 11. Nd2 f4 12. f3 g5 13. Nb3 Rf6 14. c5 Rh6 15. Bd2
Qe8 16. h3 Qh5 17. Nb5 Nf6 18. Qe1 Bxh3 19. g4 Bxg4 20. Bxf4 exf4 0-1

[Event "Gibtelecom AmatWk1 8th"]
[Site "Gibraltar"]
[Date "2010.01.26"]
[Round "1.10"]
[White "Apps, Matthew"]
[Black "Manetto, Luis"]
[Result "0-1"]
[WhiteElo "1000"]
[BlackElo "1590"]
[PlyCount "46"]
[EventDate "2010.01.26"]
[EventType "swiss"]
[EventRounds "5"]
[EventCountry "GGB"]
[SourceTitle "BritBase"]
[Source "www.saund.co.uk"]
[SourceDate "2018.02.10"]
[SourceVersion "1"]
[SourceVersionDate "2018.02.10"]
[SourceQuality "1"]

1. d4 Nf6 2. Nc3 e6 3. f3 Bb4 4. Bd2 O-O 5. e4 Nc6 6. Bg5 Be7 7. Qd2 d6 8. g3
Bd7 9. O-O-O a6 10. h4 Nh5 11. Nge2 f6 12. g4 fxg5 13. gxh5 Rxf3 14. d5 gxh4
15. Bg2 Bg5 16. Qxg5 Qxg5+ 17. Kb1 Qxg2 18. dxc6 Bxc6 19. Rhg1 Qf2 20. Nd4 Re8
21. Nxf3 Qxf3 22. Rg5 Bxe4 23. Nxe4 Qxd1# 0-1

[Event "Gibtelecom AmatWk1 8th"]
[Site "Gibraltar"]
[Date "2010.01.26"]
[Round "1.11"]
[White "Elfverson, Cajsa"]
[Black "Apps, Ray"]
[Result "1-0"]
[WhiteElo "1569"]
[BlackElo "1000"]
[PlyCount "59"]
[EventDate "2010.01.26"]
[EventType "swiss"]
[EventRounds "5"]
[EventCountry "GGB"]
[SourceTitle "BritBase"]
[Source "www.saund.co.uk"]
[SourceDate "2018.02.10"]
[SourceVersion "1"]
[SourceVersionDate "2018.02.10"]
[SourceQuality "1"]

1. Nf3 e5 2. Nxe5 d6 3. Nf3 Nf6 4. d3 Be7 5. e4 O-O 6. g3 Nc6 7. Bg2 d5 8. e5
Nd7 9. d4 Re8 10. O-O b6 11. c3 b5 12. Qb3 Nb6 13. Qxb5 Bd7 14. Qd3 g6 15. Bh6
Qb8 16. b3 f6 17. exf6 Bxf6 18. Nbd2 Qb7 19. Ng5 Bf5 20. Qf3 Ne7 21. Rfe1 Qc6
22. Rac1 Nd7 23. Nf1 Qa6 24. Ne3 Qxa2 25. Nxd5 c6 26. Nc7 Rac8 27. Nxe8 Rxe8
28. Qxc6 Nxc6 29. Rxe8+ Nf8 30. Rxf8# 1-0

[Event "Gibtelecom AmatWk1 8th"]
[Site "Gibraltar"]
[Date "2010.01.26"]
[Round "1.12"]
[White "Grodas, Margrethe Bjerkem"]
[Black "Brooks, Harry"]
[Result "0-1"]
[WhiteElo "1000"]
[BlackElo "1552"]
[PlyCount "102"]
[EventDate "2010.01.26"]
[EventType "swiss"]
[EventRounds "5"]
[EventCountry "GGB"]
[SourceTitle "BritBase"]
[Source "www.saund.co.uk"]
[SourceDate "2018.02.10"]
[SourceVersion "1"]
[SourceVersionDate "2018.02.10"]
[SourceQuality "1"]

1. e4 e6 2. Nf3 d5 3. Nc3 Nf6 4. Qe2 Be7 5. e5 Nfd7 6. d4 c5 7. Qd3 a6 8. Be2
Nc6 9. O-O cxd4 10. Nxd4 Ncxe5 11. Qg3 Ng6 12. Nf3 Nf6 13. Bd3 Bd6 14. Qg5 O-O
15. Re1 Re8 16. Be3 e5 17. Bd2 e4 18. Be2 exf3 19. Bxf3 Rxe1+ 20. Rxe1 Be6 21.
Qe3 Qc7 22. g3 Re8 23. Na4 Bd7 24. Qb3 Qc4 25. Qb6 Qc6 26. Qb3 Qxa4 27. Qb6 Qc6
28. Qd4 Bc5 29. Qc3 Qb6 30. b3 Bxf2+ 31. Kf1 Bh3+ 32. Bg2 Bxg2+ 33. Kxg2 Bxe1
34. Bxe1 Qe3 35. Qd2 Qxe1 36. Qxe1 Rxe1 37. Kf2 Rc1 38. Ke2 Rxc2+ 39. Kd3 Rxh2
40. Kc3 Ne7 41. Kd3 Nc6 42. Kc3 Rg2 43. Kd3 Rxg3+ 44. Ke2 d4 45. Kd2 Re3 46.
Kc2 Nb4+ 47. Kd2 Ne4+ 48. Kd1 d3 49. Kc1 Re2 50. Kd1 Nc3+ 51. Kc1 Nbxa2# 0-1

[Event "Gibtelecom AmatWk1 8th"]
[Site "Gibraltar"]
[Date "2010.01.26"]
[Round "1.13"]
[White "Oumalek, Achraf"]
[Black "Grodas, Ole Jakob"]
[Result "1-0"]
[WhiteElo "1750"]
[BlackElo "1000"]
[PlyCount "101"]
[EventDate "2010.01.26"]
[EventType "swiss"]
[EventRounds "5"]
[EventCountry "GGB"]
[SourceTitle "BritBase"]
[Source "www.saund.co.uk"]
[SourceDate "2018.02.10"]
[SourceVersion "1"]
[SourceVersionDate "2018.02.10"]
[SourceQuality "1"]

1. e4 e5 2. Nc3 Nc6 3. Bc4 h6 4. Nf3 Nf6 5. d3 Bb4 6. Bd2 Nd4 7. Nxe5 O-O 8.
Nf3 c5 9. Nxd4 cxd4 10. Ne2 Bc5 11. h3 d6 12. O-O d5 13. exd5 Nxd5 14. Nf4 Be6
15. Nxd5 Bxd5 16. Bxd5 Qxd5 17. Qg4 Bd6 18. Bf4 Rac8 19. Bxd6 Qxd6 20. Rac1
Rfe8 21. Rce1 Rcd8 22. Qd1 Re7 23. Rxe7 Qxe7 24. Re1 Qd7 25. b3 a6 26. a4 b6
27. Qe2 Rc8 28. Qd2 a5 29. Re4 Qd5 30. Qe2 Qc6 31. Rxd4 Re8 32. Re4 Rc8 33. Rc4
Re8 34. Rxc6 Rxe2 35. c4 Re5 36. Rxb6 Kf8 37. Rb5 Re1+ 38. Kh2 Rd1 39. Rxa5
Rxd3 40. Rb5 Ke7 41. a5 Rd6 42. Rb6 Rxb6 43. axb6 Kd7 44. c5 Kc8 45. c6 f5 46.
Kg3 g5 47. f4 Kb8 48. fxg5 hxg5 49. h4 gxh4+ 50. Kxh4 f4 51. Kg4 1-0

[Event "Gibtelecom AmatWk1 8th"]
[Site "Gibraltar"]
[Date "2010.01.26"]
[Round "1.14"]
[White "Hirneise, Lothar"]
[Black "Cox, Marian"]
[Result "1-0"]
[WhiteElo "1707"]
[BlackElo "1384"]
[PlyCount "67"]
[EventDate "2010.01.26"]
[EventType "swiss"]
[EventRounds "5"]
[EventCountry "GGB"]
[SourceTitle "BritBase"]
[Source "www.saund.co.uk"]
[SourceDate "2018.02.10"]
[SourceVersion "1"]
[SourceVersionDate "2018.02.10"]
[SourceQuality "1"]

1. d4 d5 2. c4 e6 3. Nc3 c6 4. cxd5 cxd5 5. Nf3 Nc6 6. Bg5 Be7 7. Bxe7 Ngxe7 8.
e3 b6 9. Bd3 O-O 10. O-O Ng6 11. Rc1 Bb7 12. a3 Nce7 13. Qd2 Rc8 14. Na2 Qd7
15. Nb4 Rxc1 16. Rxc1 Rc8 17. Kf1 h6 18. Ke2 Rxc1 19. Qxc1 Kf8 20. Qc2 Qc8 21.
Kd2 Qxc2+ 22. Kxc2 a5 23. Na2 f5 24. Nc3 Bc6 25. Kb3 f4 26. Na4 Bxa4+ 27. Kxa4
fxe3 28. fxe3 Kf7 29. Kb5 Nc8 30. Kc6 Nge7+ 31. Kc7 a4 32. Ba6 Na7 33. Kxb6
Nac6 34. Bb5 1-0

[Event "Gibtelecom AmatWk1 8th"]
[Site "Gibraltar"]
[Date "2010.01.26"]
[Round "1.15"]
[White "McGladdery, David G"]
[Black "Tomassetti, Giuseppe"]
[Result "0-1"]
[WhiteElo "1664"]
[BlackElo "1704"]
[PlyCount "124"]
[EventDate "2010.01.26"]
[EventType "swiss"]
[EventRounds "5"]
[EventCountry "GGB"]
[SourceTitle "BritBase"]
[Source "www.saund.co.uk"]
[SourceDate "2018.02.10"]
[SourceVersion "1"]
[SourceVersionDate "2018.02.10"]
[SourceQuality "1"]

1. Nf3 d5 2. d4 c5 3. c4 cxd4 4. Qxd4 Nf6 5. e3 Nc6 6. Qd1 Bf5 7. Bd3 Bxd3 8.
Qxd3 Nb4 9. Qe2 Rc8 10. a3 Rxc4 11. O-O Na6 12. Nbd2 Rc8 13. b4 e6 14. Bb2 Be7
15. Qb5+ Qd7 16. Qxd7+ Kxd7 17. Ne5+ Ke8 18. Rac1 Nc7 19. Ndf3 Bd6 20. Ng5 Rf8
21. Nd3 Ke7 22. Rc2 h6 23. Nf3 Na8 24. Rfc1 Rxc2 25. Rxc2 Nb6 26. Nc5 Rc8 27.
Nd4 Bxc5 28. bxc5 Na4 29. Nb3 Nxb2 30. Rxb2 Ne4 31. Rc2 e5 32. f3 Ng5 33. Kf2
Ne6 34. Rb2 Rc7 35. Ke2 Kd7 36. Kd2 Rc8 37. Rc2 b6 38. cxb6 Rxc2+ 39. Kxc2 axb6
40. Nc1 Kc7 41. Kb3 Kc6 42. Kb4 Nc5 43. a4 g5 44. g4 f6 45. h3 Na6+ 46. Kc3 Kd6
47. Nd3 Nc5 48. Nb2 e4 49. f4 gxf4 50. exf4 Ne6 51. f5 Ng5 52. h4 Nf3 53. g5
fxg5 54. hxg5 hxg5 55. Nd1 Ke5 56. Kb4 g4 57. Ne3 Nd4 58. Nxg4+ Kxf5 59. Ne3+
Ke6 60. a5 bxa5+ 61. Kxa5 Nf5 62. Nc2 d4 0-1

[Event "Gibtelecom AmatWk1 8th"]
[Site "Gibraltar"]
[Date "2010.01.26"]
[Round "1.16"]
[White "Cox, Reginald"]
[Black "Gallardo Ribot, Laura"]
[Result "0-1"]
[WhiteElo "1352"]
[BlackElo "1698"]
[PlyCount "36"]
[EventDate "2010.01.26"]
[EventType "swiss"]
[EventRounds "5"]
[EventCountry "GGB"]
[SourceTitle "BritBase"]
[Source "www.saund.co.uk"]
[SourceDate "2018.02.10"]
[SourceVersion "1"]
[SourceVersionDate "2018.02.10"]
[SourceQuality "1"]

1. e4 e5 2. Bc4 Bc5 3. Nc3 Nf6 4. d3 d6 5. h3 Be6 6. Bxe6 fxe6 7. Bg5 h6 8. Bh4
g5 9. Bg3 Nc6 10. Nf3 Qe7 11. Qd2 O-O-O 12. a3 g4 13. hxg4 Nxg4 14. Bh4 Nf6 15.
O-O-O Qg7 16. Rdg1 Ng4 17. Bxd8 Bxf2 18. Bh4 Be3 0-1

[Event "Gibtelecom AmatWk1 8th"]
[Site "Gibraltar"]
[Date "2010.01.26"]
[Round "1.17"]
[White "Cramling Bellon, Anna Yolanda"]
[Black "Walshaw, David"]
[Result "0-1"]
[WhiteElo "1000"]
[BlackElo "1640"]
[PlyCount "42"]
[EventDate "2010.01.26"]
[EventType "swiss"]
[EventRounds "5"]
[EventCountry "GGB"]
[SourceTitle "BritBase"]
[Source "www.saund.co.uk"]
[SourceDate "2018.02.10"]
[SourceVersion "1"]
[SourceVersionDate "2018.02.10"]
[SourceQuality "1"]

1. e4 d5 2. exd5 Nf6 3. Bc4 Nxd5 4. Bxd5 Qxd5 5. h4 Qxg2 6. Qh5 Qxh1 7. Qg5
Qe4+ 8. Ne2 Nc6 9. Nbc3 Qe5 10. Qg4 Bxg4 11. d3 Nd4 12. Bf4 Qe6 13. Be3 Nxc2+
14. Kd2 Nxa1 15. d4 O-O-O 16. d5 a6 17. Ba7 b6 18. Nd4 Rxd5 19. Nxd5 Qxd5 20.
Kd3 e5 21. Ke3 Qxd4# 0-1

[Event "Gibtelecom AmatWk1 8th"]
[Site "Gibraltar"]
[Date "2010.01.26"]
[Round "1.18"]
[White "Whatley, Stephen A J"]
[Black "Yarur Rescaglio, Maria Jose"]
[Result "1-0"]
[WhiteElo "1408"]
[BlackElo "1000"]
[PlyCount "73"]
[EventDate "2010.01.26"]
[EventType "swiss"]
[EventRounds "5"]
[EventCountry "GGB"]
[SourceTitle "BritBase"]
[Source "www.saund.co.uk"]
[SourceDate "2018.02.10"]
[SourceVersion "1"]
[SourceVersionDate "2018.02.10"]
[SourceQuality "1"]

1. e4 e5 2. Nf3 Nc6 3. Bb5 Bc5 4. O-O Nf6 5. Nc3 a6 6. Bxc6 bxc6 7. Nxe5 O-O 8.
Nf3 d5 9. e5 Ne4 10. Nxe4 dxe4 11. Ne1 Re8 12. Qh5 Qd5 13. d3 Rxe5 14. Qh4 Bf5
15. Bf4 Re7 16. Qg3 Bd4 17. dxe4 Rxe4 18. c3 Bb6 19. Bxc7 Ba7 20. Bf4 Re2 21.
b3 h6 22. Bxh6 Bg6 23. Bf4 Bb8 24. Bxb8 Qb5 25. Bf4 Rae8 26. Be3 a5 27. c4 Qb4
28. Qg4 Rb2 29. Qd7 f6 30. Nd3 Bxd3 31. Qxe8+ Kh7 32. Rfd1 Qc3 33. Qxc6 Qc2 34.
Bd4 Be2 35. Rdc1 Qd2 36. Bxb2 Qxb2 37. Qc5 1-0

[Event "Gibtelecom AmatWk1 8th"]
[Site "Gibraltar"]
[Date "2010.01.26"]
[Round "1.19"]
[White "Barros Campoy, Jose Manuel"]
[Black "Reci, Nadja"]
[Result "0-1"]
[WhiteElo "1585"]
[BlackElo "1544"]
[PlyCount "88"]
[EventDate "2010.01.26"]
[EventType "swiss"]
[EventRounds "5"]
[EventCountry "GGB"]
[SourceTitle "BritBase"]
[Source "www.saund.co.uk"]
[SourceDate "2018.02.10"]
[SourceVersion "1"]
[SourceVersionDate "2018.02.10"]
[SourceQuality "1"]

1. d4 d5 2. Nf3 Nf6 3. e3 e6 4. Bd3 g6 5. O-O Bg7 6. Nbd2 O-O 7. Re1 c6 8. Ne5
Nbd7 9. Ndf3 Ne4 10. Nxd7 Bxd7 11. c4 Qf6 12. Bxe4 dxe4 13. Ne5 Rad8 14. Qc2
Qh4 15. Bd2 f6 16. Nxd7 Rxd7 17. Qa4 a6 18. b4 Rfd8 19. Bc3 e5 20. Qb3 exd4 21.
Bxd4 f5 22. Bxg7 Kxg7 23. Rad1 Rd3 24. Rxd3 Rxd3 25. Qc2 f4 26. exf4 Qxf4 27.
Qb2+ Kh6 28. g3 Rd2 29. gxf4 Rxb2 30. a3 Rb3 31. Rxe4 Rxa3 32. Re2 b5 33. cxb5
cxb5 34. Kg2 Ra4 35. Re4 a5 36. f3 Rxb4 37. Kf2 Rb2+ 38. Kg3 a4 39. Re6 a3 40.
f5 a2 41. Ra6 Kg7 42. f6+ Kf7 43. Kg4 Rb4+ 44. Kg5 Ra4 0-1

[Event "Gibtelecom AmatWk1 8th"]
[Site "Gibraltar"]
[Date "2010.01.26"]
[Round "1.20"]
[White "Fetzner, Frank"]
[Black "Sigamoney, Cyril S"]
[Result "0-1"]
[WhiteElo "1592"]
[BlackElo "1783"]
[PlyCount "92"]
[EventDate "2010.01.26"]
[EventType "swiss"]
[EventRounds "5"]
[EventCountry "GGB"]
[SourceTitle "BritBase"]
[Source "www.saund.co.uk"]
[SourceDate "2018.02.10"]
[SourceVersion "1"]
[SourceVersionDate "2018.02.10"]
[SourceQuality "1"]

1. Nf3 d5 2. g3 c6 3. Bg2 Bg4 4. O-O Bxf3 5. exf3 e6 6. d4 Bd6 7. Re1 Ne7 8.
Nd2 h5 9. f4 Nd7 10. Nf3 c5 11. Ne5 cxd4 12. Nxd7 Qxd7 13. Qxd4 Kf8 14. Bh3 Qc6
15. Re2 Qb5 16. Rd2 Nc6 17. Qd3 Qxd3 18. Rxd3 Nb4 19. Rd2 h4 20. Bg4 g6 21. c3
Nc6 22. Re2 Bc5 23. Be3 Bxe3 24. Rxe3 Rd8 25. Rd1 Kg7 26. Kg2 Na5 27. b3 a6 28.
Be2 hxg3 29. hxg3 Rc8 30. g4 Rh4 31. Rh1 Rxh1 32. Kxh1 Nc6 33. Kg2 Rd8 34. Kg3
d4 35. cxd4 Rxd4 36. Rd3 Kf6 37. g5+ Ke7 38. Rxd4 Nxd4 39. Bd3 a5 40. Kg4 Kd6
41. Be4 b6 42. Kg3 Nb5 43. Kf3 Kc5 44. Bd3 Nd4+ 45. Ke3 b5 46. Ke4 Nc6 {
no further moves recorded} 0-1

[Event "Gibtelecom AmatWk1 8th"]
[Site "Gibraltar"]
[Date "2010.01.27"]
[Round "2.1"]
[White "Sigamoney, Cyril S"]
[Black "Walshaw, David"]
[Result "1-0"]
[WhiteElo "1783"]
[BlackElo "1640"]
[PlyCount "54"]
[EventDate "2010.01.26"]
[EventType "swiss"]
[EventRounds "5"]
[EventCountry "GGB"]
[SourceTitle "BritBase"]
[Source "www.saund.co.uk"]
[SourceDate "2018.02.10"]
[SourceVersion "1"]
[SourceVersionDate "2018.02.10"]
[SourceQuality "1"]

1. d4 Nf6 2. Bf4 g6 3. e3 Bg7 4. h3 d5 5. c4 c5 6. Nf3 O-O 7. Nc3 Nc6 8. Be2
Bf5 9. O-O cxd4 10. exd4 Rc8 11. c5 a6 12. Na4 Nd7 13. Rc1 Re8 14. Qb3 Bxd4 15.
Qxd5 e5 16. Bg5 Qa5 17. Qb3 Bxc5 18. Bd2 Bb4 19. Rxc6 Bxd2 20. Rxc8 Rxc8 21.
Rd1 Bb4 22. Ng5 Rf8 23. g4 b5 24. gxf5 bxa4 25. Qf3 Qc7 26. fxg6 hxg6 27. Qg4
Be7 1-0